[Event "IECG CM.1999.0.00070"]
[Site "IECG email"]
[Date "1999.??.??"]
[Round "?"]
[White "May, Hans Werner"]
[Black "Kerndl, Rainer"]
[Result "1/2-1/2"]
[WhiteElo "2327"]
[BlackElo "2225"]
[PlyCount "84"]
[EventDate "1999.02.19"]
[EventType "tourn (corr)"]
[EventRounds "6"]
[SourceTitle "Corr 2008"]
[Source "ChessBase"]
[SourceDate "2008.06.24"]
[SourceVersion "1"]
[SourceVersionDate "2008.06.24"]
[SourceQuality "1"]

1. e4 c5 2. Nf3 d6 3. d4 cxd4 4. Nxd4 Nf6 5. Nc3 g6 6. g3 Bg7 7. Bg2 0-0 8. h3 Nc6 9. Be3 Bd7 10. 0-0 Ne5 11. Nce2 Nc4 12. Bc1 e5 13. Nb3 Be6 14. Nc3 Rc8 15. Qe2 Qd7 16. Kh2 Ne8 17. Nd5 f5 18. exf5 Rxf5 19. c3 b5 20. Nd2 Nc7 21. Nxc7 Qxc7 22. Ne4 h6 23. f4 d5 24. Nd2 e4 25. Nxc4 bxc4 26. Be3 Qa5 27. Rfd1 Rb8 28. h4 Rff8 29. Bd4 Bxd4 30. Rxd4 Bf7 31. Rd2 Rfe8 32. Qe3 Qb6 33. Qxb6 Rxb6 34. Re1 Reb8 35. Ree2 g5 36. fxg5 Bh5 37. Re1 Rxb2 38. Rxd5 Bf3 39. Rg1 Re8 40. Rf5 Rxa2 41. gxh6 Rc2 42. g4 Rd8 1/2-1/2